01088nam a2200217 a 450000100060000000300090000600800410001502000150005604000280007108200140009910000540011324500700016725000060023726000360024330000110027950503640029065000380065494200120069299900170070495201490072115206CO-ViMGA141112s2004 ck r 000 u spa d a9584100742 aCO-ViMGAbspacCO-ViMGA04a327 P317r1 aPearson, Frederic S.; Rochester, J. Martin92208510aRelaciones Internacionales : bSituación global en el siglo XXI a4 aBogotá, cMcGraw Hill, c2000 a655.p. aEstudio de las relaciones Internacionales Actores Nacionales e interacciones Internacionales Organizaciones Internacionales : OIG, ONG La condición global ;Políticas de solución a los problemas globales Mas allá del año 2001, orden mundial Desarrollo economico Terrorismo internacional la carrera armamentista y el control de armas en la era nuclear14aRELACIONES INTERNACIONALES951501 2ddccBK c25579d25579 00102ddc40708002aMEVIECARbMEVIECARd2015-12-04hVolumen. 1 | 11/jun/2009l0o327 P317r p15206r2015-12-04 00:00:00tEj. 1w2015-12-04yBK